000 00585cam a22001932 4500
001 0000007419
005 20151217160112.0
008 080204s xx 000 0 eng d
020 _a075286615x :
_cKES 690
040 _aKABU
_cKABU
100 1 _aGoscinny,
_d1926-1977.
_@0000001694
245 1 0 _aAsterix the goths /
_cwritten by Rene Goscinny and illus. by Albert Uderzo.
260 _aLondon :
_bOrion,
_c2004.
300 _a47 p.
700 1 _aUderzo, Albert.
_@0000158662
908 _a080204
950 _@1
999 _c14281
_d14281